Théorème de Thalès - Statistiques

Statistiques générales
  • Ce quiz a été pris 6 fois
  • Le résultat moyen est 2 sur 10
Statistiques - réponses
Par images Réponse % Correct
1,76 cm
60%
10,43 cm
40%
5,55 cm
40%
Non
20%
Oui
20%
Oui
20%
1,84 cm
0%
7,9 cm
0%
8,92 cm
0%
Non
0%
Aucun quiz correspondant
Distribution des résultats
% des personnes avec chaque résultat
Percentile par nombre de réponses
Votre historique - résultats
Vous n’avez pas pris ce quiz